Представление документа в формате MARC21

Поле Инд. ПП Название Значение
Тип записи a
Библиографический уровень b
001 Контрольный номер RU/IS/BASE/320340830
005 Дата корректировки 20200522191401.0
008 Кодируемые данные 20100224
040 b Код языка каталог. rus
e Правила каталог. PSBO
041 0_ a Код языка текста rus
084 a Индекс другой классификации/Индекс ББК 86.37-4; 80.9
100 1_ a Автор Исаченко Т. А.
q Полное имя Исаченко Татьяна Александровна
245 11 a Заглавие "Оглавление лжесловий латинских" в составе трактата "На оглаголующия Священную Библию" и вопросы полемики вокруг нового библейского перевода конца XVII в.
504 a Библиография Библиогр.: с. 134 - 135
520 0_ a Аннотация Трактат является попыткой решения текстологических, богословских и источниковедческих вопросов в связи с подготовкой нового перевода Библии, осуществленного в рамках "книжной справы" конца XVII в. В данной статье представлены итоги исследования, позволившего внести уточнения в ранее существующие представления о библейской "справе", выявить неизвестные ранее факты жизни и деятельности лиц, причастных к ней, исследовать важнейшие сочинения, связанные с полемикой по вопросу о библейских исправлениях, ранее предметом изучения не являвшихся
650 04 a Основная рубрика религиоведение
a Основная рубрика религия
a Основная рубрика текстология
a Основная рубрика филологические науки
a Основная рубрика христианство
653 0_ a Ключевые слова библеистика
a Ключевые слова Библия
a Ключевые слова богословие
a Ключевые слова книжная справа
a Ключевые слова перевод Библии
a Ключевые слова священные тексты
773 18 t Заглавие источника Вестник Московского университета. Серия 9, Филология
d Дата издания источника 2009
g Прочая информация № 5. - С. 128 - 135
w Контрольный № источника RU/IS/BASE/317399320
901 t Тип документа b